Guess The 15 Most Populous Cities/Towns Of New England - Statistics

General Stats
  • This quiz has been taken 13 times
  • The average score is 12 of 15
Answer Stats
Number Answer % Correct
1. Boston
100%
3. Providence
100%
2. Worcester
100%
5. Bridgeport
91%
11. Manchester
91%
7. New Haven
91%
8. Hartford
82%
4. Springfield
82%
6. Stamford
82%
9. Cambridge
73%
10. Lowell
73%
15. Quincy
64%
12. Waterbury
55%
13. Brockton
45%
14. Lynn
45%
No matching quizzes found
Score Distribution
Percent of People with Each Score
Percentile by Number Answered
Your Score History
You have not taken this quiz